Les émissions de variétés en France - Statistiques

Statistiques générales
  • Ce quiz a été pris 41 fois
  • Le résultat moyen est 14 sur 30
Statistiques - réponses
Question Réponse % Correct
Le générique de l'émission La chance aux chansons est une chanson de... Charles Trenet
83%
Nikos Alliagas, Sandrine Quétier et Flavie Flament ont en commun l'émission... La chanson de l'année
83%
Laquelle de ces émissions n'est pas un concours ? Le grand amphi
83%
Danièle Gilbert a longtemps animé une émission devenue culte... Midi première
83%
Génération top 50 repose sur les grands succès des années... 80 et 90
67%
Le présentateur de La chance aux chansons, Pascal Sevran, n'était pas... Comédien
67%
Village départ une émission invitant des chanteurs, était diffusée chaque jour à l'occasion ... Du Tour de France
67%
Qui présentait Sacrée soirée ? Jean-Pierre Foucault
67%
En 1984, quel homme politique interprète Les feuilles mortes dans Carnaval, une émission de Patrick Sébastien... Lionel Jospin
67%
L'émission Sacrée soirée était diffusée le... mercredi soir
67%
De 1963 à 1969, un chanteur a sa propre émission de variétés. Qui ? Sacha Distel
67%
Champs-Elysées a été diffusé pour la première fois en... 1982
50%
Jean Nohain présentait en 1955 une émission demeurée célèbre, elle s'appelait 36 chandelles
50%
Quelle émission de variétés a porté le nom d'une chanson populaire ? Cadet Rousselle
50%
Qui n'a pas été élève du Petit conservatoire de la chanson ? Jacques Dutronc
50%
Quelle émission n'est pas une création de Maritie et Gilbert Carpentier ? Le palmarès des chansons
50%
Qui a lancé l'idée du Petit conservatoire de la chanson ? Sacha Guitry
50%
Une affirmation concernant l'émission Top à... est fausse. Il y a eu un Top à Jacques Brel
33%
Le grand échiquier mêlait toutes les formes de culture, et donc aussi des variétés... Qui n'a jamais été l'invité principal ? Johnny Hallyday
33%
Qui n'a jamais été invité par Jean Nohain dans son émission ? Johnny Hallyday
33%
Quelle émission comportant des variétés n'était pas diffusée le dimanche? La Une est à vous
33%
En 1956, les premiers télespectateurs peuvent découvrir... L'école des vedettes
33%
Parmi les célébrités oubliées, on n'a pas pu voir dans La chance aux chansons Léo Marjane
33%
Cette émission de l'après-midi proposait aux spectateurs de France 3 de voir ou revoir les plus grands tubes de la chanson française... Pour le plaisir
33%
Qui n'a pas été élève du Petit conservatoire de la chanson ? Sylvie Vartan
33%
Quelle était la particularité de l'émission Tenue de soirée Elle était retransmise en direct d'une ville différente chaque fois
17%
Toute une émission de Formule un a été consacrée à une comédie musicale. Laquelle ? Napoléon
17%
Dans le Palmarès des chansons, Guy Lux invitait chaque fois une vedette confirmée pour un mini-récital. Le 10 novembre 1966, qui interprète 11 chansons à l'occasion d'adieux télévisuels ? Jacques Brel
0%
Une émission de Stars 90 a fait l'objet d'un album et d'un DVD, il s'agit de celle consacrée à Jean Ferrat
0%
Cette émission fait se rencontrer deux chanteurs pour un duo, mais l'un est vivant et l'autre disparu... Quel est son titre ? Simplement pour un soir
0%
Aucun quiz correspondant
Distribution des résultats
% des personnes avec chaque résultat
Percentile par nombre de réponses
Votre historique - résultats
Vous n’avez pas pris ce quiz